000 00500nam a2200181Ia 4500
001 46937
008 140429s9999 xx 000 0 und d
020 _aNA
040 _cPK-LaUMT
082 _aRHC 891.439405
_bGHA-
100 _aWaheed Qureshi
245 _aSaheefa (Ghalib number hissah panjam)
_bshamaarah 63, April, 1973
_cWaheed Qureshi
260 _aLahore,Pakistan:
_bMajlas-e-Taraqi Adab,
_c1973
300 _a164 p.
546 _aUR
650 _aPakistani literature-Urdu
942 _cBK
999 _c44886
_d44886